Champions League Top Scorers A-Z - Statistics

General Stats
  • This quiz has been taken 1,722 times
  • The average score is 10 of 26
Answer Stats
Letter Goals Answer % Correct
R 140 Cristiano Ronaldo
99%
M 129 Lionel Messi
98%
B 90 Karim Benzema
78%
L 94 Robert Lewandowski
77%
N 43 Neymar
65%
I 48 Zlatan Ibrahimovic
64%
H 50 Thierry Henry
56%
D 44 Didier Drogba
52%
V 56 Ruud Van Nistelrooy
47%
X 11 Xavi
45%
Z 14 Zinedine Zidane
43%
A 41 Sergio Agüero
42%
S 48 Andriy Shevchenko
39%
E 30 Samuel Eto'o
36%
K 30 Kaka
35%
Q 10 Ricardo Quaresma
29%
C 35 Edinson Cavani
28%
O 11 Mesut Özil / Michael Owen
27%
G 36 Antoine Griezmann
26%
F 24 Luis Figo
23%
T 29 David Trezeguet
16%
J 25 Mario Jardel
7%
W 18 Willian
6%
Y 13 Sergey Yuran / Burak Yilmaz
5%
P 21 Claude Pizarro
4%
U 4 Cengiz Ünder
3%
No matching quizzes found
Score Distribution
Percent of People with Each Score
Percentile by Number Answered
Your Score History
You have not taken this quiz